BLACK'S MEDICAL SURGICAL NURSING -I (Record no. 21942)

MARC details
000 -LEADER
fixed length control field 00375nam a22001577a 4500
003 - CONTROL NUMBER IDENTIFIER
control field SGT
020 ## - INTERNATIONAL STANDARD BOOK NUMBER
International Standard Book Number 9788131254196
082 ## - DEWEY DECIMAL CLASSIFICATION NUMBER
Classification number 610.7367
Item number B19B
100 ## - MAIN ENTRY--PERSONAL NAME
Personal name BLACK, JOYCE M.
245 ## - TITLE STATEMENT
Title BLACK'S MEDICAL SURGICAL NURSING -I
250 ## - EDITION STATEMENT
Edition statement 1ST S.A.
260 ## - PUBLICATION, DISTRIBUTION, ETC. (IMPRINT)
Place of publication, distribution, etc INDIA
Name of publisher, distributor, etc ELSEVIER PUB
Year of Publication 2019
300 ## - PAGE DESCRIPTION
No. of Pages 1182
650 ## - SUBJECT ADDED ENTRY--TOPICAL TERM
Topical term or geographic name as entry element MEDICAL SURGICAL NURSING
942 ## - ADDED ENTRY ELEMENTS (KOHA)
Source of classification or shelving scheme Dewey Decimal Classification
Koha item type Books
942 ## - ADDED ENTRY ELEMENTS (KOHA)
-- 1
Holdings
Withdrawn status Lost status Source of classification or shelving scheme Damaged status Not for loan Collection code Home library Current library Shelving location Date acquired Vendor Name Cost, normal purchase price Volume Information (Serial or Books or Non-Book Material) SGTU Bill Number Total Checkouts Full call number Accession No. (Barcode) Date last seen Bill Date Koha item type Checked out Date last borrowed
    Dewey Decimal Classification   Not For Loan NURSING SGT Medical Library SGT Medical Library Reference Book 12/10/2021 ABC DELHI 3590.00 VOLUME-1 SGTU 13309   610.7367 B19B FN4486 12/10/2021   Books    
    Dewey Decimal Classification   Not For Loan NURSING SGT Medical Library SGT Medical Library Reference Book 12/10/2021 ABC DELHI 3590.00 VOLUME-1 SGTU 13309   610.7367 B19B FN4487 12/10/2021   Books    
    Dewey Decimal Classification     NURSING SGT Medical Library SGT Medical Library Reference Book 12/10/2021 ABC DELHI 3590.00 VOLUME-1 SGTU 13309 2 610.7367 B19B FN4488 05/06/2026   Books 19/06/2026 05/06/2026